Statistics for All Countries by Coastline on the World Map

Click here to take the quiz!

General Stats

  • This quiz has been taken 928 times
  • The average score is 65 of 151

Answers on the Map

Answers color-coded by a green-red scale on the quiz's map according to % correct below.
 

Answer Stats

CountryContinent% Correct
CanadaNorth America
99%
RussiaAsia/Europe
98%
United StatesNorth America
98%
IndonesiaAsia
89%
AustraliaOceania
85%
ChileSouth America
84%
DenmarkEurope
84%
BrazilSouth America
83%
NorwayEurope
83%
ChinaAsia
80%
PhilippinesAsia
80%
MexicoNorth America
79%
United KingdomEurope
79%
FranceEurope
78%
JapanAsia
78%
IndiaAsia
77%
New ZealandOceania
77%
Papua New GuineaOceania
77%
GreeceEurope
76%
SwedenEurope
76%
TurkeyAsia/Europe
76%
ArgentinaSouth America
75%
ItalyEurope
75%
CubaNorth America
74%
VenezuelaSouth America
73%
MyanmarAsia
72%
SpainEurope
72%
VietnamAsia
72%
IcelandEurope
71%
MadagascarAfrica
71%
MalaysiaAsia
71%
FinlandEurope
70%
ColombiaSouth America
69%
Saudi ArabiaAsia
69%
ThailandAsia
69%
Solomon IslandsOceania
68%
South KoreaAsia
68%
BahamasNorth America
67%
IrelandEurope
67%
MozambiqueAfrica
66%
PanamaNorth America
66%
EcuadorSouth America
65%
PeruSouth America
65%
EgyptAfrica
64%
South AfricaAfrica
64%
GermanyEurope
63%
IranAsia
63%
MoroccoAfrica
63%
UkraineEurope
63%
YemenAsia
63%
OmanAsia
62%
PortugalEurope
62%
CroatiaEurope
61%
FijiOceania
61%
SomaliaAfrica
61%
VanuatuOceania
60%
North KoreaAsia
59%
BangladeshAsia
58%
Sri LankaAsia
57%
NigeriaAfrica
53%
HondurasNorth America
48%
AngolaAfrica
47%
EstoniaEurope
46%
HaitiNorth America
46%
TanzaniaAfrica
46%
Costa RicaNorth America
45%
LibyaAfrica
45%
NamibiaAfrica
44%
PakistanAsia
44%
NicaraguaNorth America
43%
Dominican RepublicNorth America
42%
NetherlandsEurope
42%
UruguaySouth America
40%
GuyanaSouth America
39%
EritreaAfrica
37%
KiribatiOceania
37%
TaiwanAsia
37%
United Arab EmiratesAsia
37%
GabonAfrica
36%
Guinea-BissauAfrica
35%
TunisiaAfrica
35%
AlgeriaAfrica
34%
SurinameSouth America
34%
Ivory CoastAfrica
33%
MauritaniaAfrica
33%
BelizeNorth America
31%
CambodiaAsia
31%
SenegalAfrica
31%
PolandEurope
30%
GuineaAfrica
29%
JamaicaNorth America
29%
KenyaAfrica
28%
Cape VerdeAfrica
27%
Sierra LeoneAfrica
27%
CameroonAfrica
25%
SudanAfrica
25%
East TimorAsia
24%
LatviaEurope
24%
LiberiaAfrica
24%
Trinidad and TobagoNorth America
24%
GhanaAfrica
22%
GuatemalaNorth America
22%
MaldivesAsia
22%
CyprusAsia
21%
El SalvadorNorth America
21%
MonacoEurope
21%
QatarAsia
21%
Marshall IslandsOceania
20%
AlbaniaEurope
19%
NauruOceania
19%
RomaniaEurope
19%
Bosnia and HerzegovinaEurope
18%
Federated States of MicronesiaOceania
18%
TongaOceania
18%
KuwaitAsia
17%
PalauOceania
17%
SamoaOceania
17%
BulgariaEurope
16%
Equatorial GuineaAfrica
16%
GambiaAfrica
16%
LithuaniaEurope
16%
TuvaluOceania
16%
Antigua and BarbudaNorth America
15%
BarbadosNorth America
15%
BelgiumEurope
15%
DominicaNorth America
15%
GrenadaNorth America
15%
Saint Vincent and the GrenadinesNorth America
15%
SeychellesAfrica
15%
ComorosAfrica
14%
DjiboutiAfrica
14%
Saint Kitts and NevisNorth America
14%
Saint LuciaNorth America
14%
SloveniaEurope
14%
Democratic Republic of the CongoAfrica
13%
LebanonAsia
13%
MaltaEurope
13%
MauritiusAfrica
13%
MontenegroEurope
13%
BahrainAsia
12%
BruneiAsia
12%
GeorgiaAsia
12%
IraqAsia
12%
IsraelAsia
12%
Republic of the CongoAfrica
12%
SyriaAsia
12%
BeninAfrica
11%
JordanAsia
11%
Sao Tome and PrincipeAfrica
11%
TogoAfrica
11%
SingaporeAsia
10%

Score Distribution

Percentile by Number Answered

Percent of People with Each Score

Your Score History

You have not taken this quiz